A Musicology of Performance (Record no. 91331)
[ view plain ]
| 000 -LEADER | |
|---|---|
| fixed length control field | 02242nam a2200241Ii 4500 |
| 008 - FIXED-LENGTH DATA ELEMENTS--GENERAL INFORMATION | |
| fixed length control field | 221202s xx 000 0 und d |
| 100 1# - MAIN ENTRY--PERSONAL NAME | |
| Personal name | Fabian, Dorottya, |
| Relator term | author |
| 245 #2 - TITLE STATEMENT | |
| Title | A Musicology of Performance |
| 246 ## - VARYING FORM OF TITLE | |
| Title proper/short title | Theory and Method Based on Bach's Solos for Violin |
| 264 ## - PRODUCTION, PUBLICATION, DISTRIBUTION, MANUFACTURE, AND COPYRIGHT NOTICE | |
| Name of producer, publisher, distributor, manufacturer | Open Book Publishers |
| Date of production, publication, distribution, manufacture, or copyright notice | 2015 |
| 300 ## - PHYSICAL DESCRIPTION | |
| Extent | 1 online resource (354 pages) |
| 336 ## - CONTENT TYPE | |
| Content type term | text |
| Content type code | txt |
| Source | rdacontent |
| 337 ## - MEDIA TYPE | |
| Media type term | computer |
| Media type code | c |
| Source | rdamedia |
| 338 ## - CARRIER TYPE | |
| Carrier type term | online resource |
| Carrier type code | cr |
| Source | rdacarrier |
| 520 ## - SUMMARY, ETC. | |
| Summary, etc. | This book examines the nature of musical performance. In it, Dorottya Fabian explores the contributions and limitations of some of these approaches to performance, be they theoretical, cultural, historical, perceptual, or analytical. Through a detailed investigation of recent recordings of J. S. Bach's Six Sonatas and Partitas for Solo Violin, she demonstrates that music performance functions as a complex dynamical system. Only by crossing disciplinary boundaries, therefore, can we put the aural experience into words. A Musicology of Performance provides a model for such a method by adopting Deleuzian concepts and various empirical and interdisciplinary procedures. Fabian provides a case study in the repertoire, while presenting new insights into the state of baroque performance practice at the turn of the twenty-first century. Through its wealth of audio examples, tables, and graphs, the book offers both a sensory and a scholarly account of musical performance. These interactive elements map the connections between historically informed and mainstream performance styles, considering them in relation to broader cultural trends, violin schools, and individual artistic trajectories. A Musicology of Performance is a must read for academics and post-graduate students and an essential reference point for the study of music performance, the early music movement, and Bach's opus. |
| 653 ## - INDEX TERM--UNCONTROLLED | |
| Uncontrolled term | Baroque Performance Practice |
| 653 ## - INDEX TERM--UNCONTROLLED | |
| Uncontrolled term | J. S. Bach |
| 653 ## - INDEX TERM--UNCONTROLLED | |
| Uncontrolled term | Musical Performance |
| 653 ## - INDEX TERM--UNCONTROLLED | |
| Uncontrolled term | Perception |
| 653 ## - INDEX TERM--UNCONTROLLED | |
| Uncontrolled term | Violin |
| 856 ## - ELECTRONIC LOCATION AND ACCESS | |
| Uniform Resource Identifier | <a href="https://docs.google.com/spreadsheets/d/1yKIrdCPDAG_9c22mwoOIO2DOhtj65Wqa/edit?usp=sharing&ouid=106555315294820607512&rtpof=true&sd=true ">https://docs.google.com/spreadsheets/d/1yKIrdCPDAG_9c22mwoOIO2DOhtj65Wqa/edit?usp=sharing&ouid=106555315294820607512&rtpof=true&sd=true </a> |
| Link text | List of Curated E-Books |
| 942 ## - ADDED ENTRY ELEMENTS (KOHA) | |
| Koha item type | E-Book |
No items available.